| 000 | 00526nam a2200145 4500 | ||
|---|---|---|---|
| 082 | _aMSCS-2 AKB | ||
| 100 | _aRabia Akbar | ||
| 245 | _aEnabling energy efficient computing in the presence of intermittent power supply | ||
| 260 |
_aIslamabad _bNUST-SEECS _c2016 |
||
| 300 |
_a56p. _eCD Includes |
||
| 856 | _uhttp://10.250.8.41:8080/xmlui/handle/123456789/8274 | ||
| 942 |
_2ddc _cTHE |
||
| 999 |
_c328886 _d328886 |
||